[Event "ODJM A 2024"]
[Site "Willingen GER"]
[Date "2024.05.23"]
[Round "7"]
[White "Seitz, Manuel"]
[Black "Schulz, Dennis"]
[Result "1/2-1/2"]
[Termination "normal"]
[Board "23"]
[WhiteElo "1882"]
[BlackElo "1959"]
[WhiteClock "00:28:06"]
[BlackClock "01:10:51"]
[PlyCount "54"]
[WhiteFideId "16215770"]
[BlackFideId "16241231"]
[EventCountry "GER"]
[EventRounds "9"]
[EventType "swiss"]
[EventDate "2024.05.18"]

1. e4 {[%clk 01:30:57]} {[%emt 00:00:02]} c5 {[%clk 01:30:59]} {[%emt
00:00:03]} 2. f4 {[%clk 01:31:20]} {[%emt 00:00:16]} d5 {[%clk 01:31:25]}
{[%emt 00:00:04]} 3. Bb5+ {[%clk 01:31:44]} {[%emt 00:00:15]} Bd7 {[%clk
01:31:50]} {[%emt 00:00:06]} 4. Bxd7+ Qxd7 {[%clk 01:32:19]} 5. d3 {[%clk
01:32:23]} {[%emt 00:00:14]} Nf6 {[%clk 01:32:43]} {[%emt 00:00:02]} 6. Nc3
{[%clk 01:30:52]} {[%emt 00:01:45]} d4 {[%clk 01:30:25]} {[%emt 00:02:49]} 7.
Nce2 {[%clk 01:29:01]} {[%emt 00:02:20]} Nc6 {[%clk 01:29:00]} {[%emt
00:01:56]} 8. Nf3 {[%clk 01:27:14]} {[%emt 00:02:16]} e6 {[%clk 01:24:12]}
{[%emt 00:05:18]} 9. O-O {[%clk 01:24:36]} {[%emt 00:03:09]} Be7 {[%clk
01:24:39]} {[%emt 00:00:03]} 10. Bd2 {[%clk 01:22:32]} {[%emt 00:02:34]} O-O
{[%clk 01:25:01]} {[%emt 00:00:08]} 11. Qe1 {[%clk 01:16:27]} {[%emt 00:06:34]}
b5 {[%clk 01:24:06]} {[%emt 00:01:26]} 12. Ng3 {[%clk 01:13:20]} {[%emt
00:03:36]} c4 {[%clk 01:20:07]} {[%emt 00:04:29]} 13. e5 {[%clk 00:57:40]}
{[%emt 00:16:10]} Nd5 {[%clk 01:18:33]} {[%emt 00:02:04]} 14. Ne4 {[%clk
00:57:16]} {[%emt 00:00:54]} f5 {[%clk 01:14:57]} {[%emt 00:04:06]} 15. exf6
{[%clk 00:54:23]} {[%emt 00:03:24]} Bxf6 {[%clk 01:15:22]} {[%emt 00:00:05]}
16. Nc5 {[%clk 00:52:27]} {[%emt 00:02:25]} Qd6 {[%clk 01:13:51]} {[%emt
00:02:02]} 17. Qxe6+ {[%clk 00:51:19]} {[%emt 00:01:37]} Qxe6 {[%clk 01:14:19]}
{[%emt 00:00:02]} 18. Nxe6 {[%clk 00:51:41]} {[%emt 00:00:08]} Rfe8 {[%clk
01:14:34]} {[%emt 00:00:15]} 19. Rae1 {[%clk 00:48:21]} {[%emt 00:03:50]} Rac8
{[%clk 01:10:59]} {[%emt 00:04:05]} 20. a3 {[%clk 00:40:50]} {[%emt 00:08:02]}
b4 {[%clk 01:10:53]} {[%emt 00:00:36]} 21. dxc4 {[%clk 00:38:05]} {[%emt
00:03:15]} Nb6 {[%clk 01:11:08]} {[%emt 00:00:15]} 22. c5 {[%clk 00:35:29]}
{[%emt 00:03:05]} Nc4 {[%clk 01:10:55]} {[%emt 00:00:44]} 23. axb4 {[%clk
00:31:25]} {[%emt 00:04:34]} Nxd2 {[%clk 01:10:59]} {[%emt 00:00:26]} 24. Nxd2
{[%clk 00:31:45]} {[%emt 00:00:09]} Nxb4 {[%clk 01:11:27]} {[%emt 00:00:03]}
25. Ng5 {[%clk 00:27:22]} {[%emt 00:04:52]} Rxe1 {[%clk 01:10:05]} {[%emt
00:01:53]} 26. Rxe1 {[%clk 00:27:44]} {[%emt 00:00:08]} Bxg5 {[%clk 01:10:23]}
{[%emt 00:00:11]} 27. fxg5 {[%clk 00:28:06]} {[%emt 00:00:08]} Rxc5 {[%clk
01:10:51]} {[%emt 00:00:02]} 1/2-1/2

[Event "ODJM A 2024"]
[Site "Willingen GER"]
[Date "2024.05.23"]
[Round "7"]
[White "Ruddat, Jarne"]
[Black "Ellinger, Maximilian"]
[Result "1/2-1/2"]
[Termination "normal"]
[Board "24"]
[WhiteElo "1854"]
[BlackElo "1818"]
[WhiteClock "00:18:28"]
[BlackClock "00:18:28"]
[PlyCount "57"]
[WhiteFideId "16254236"]
[BlackFideId "34631003"]
[EventCountry "GER"]
[EventRounds "9"]
[EventType "swiss"]
[EventDate "2024.05.18"]

1. e4 {[%clk 01:30:57]} {[%emt 00:00:04]} e5 {[%clk 01:30:47]} {[%emt
00:00:27]} 2. Nf3 {[%clk 01:31:21]} {[%emt 00:00:10]} Nc6 {[%clk 01:30:44]}
{[%emt 00:00:30]} 3. d4 {[%clk 01:31:43]} {[%emt 00:00:07]} exd4 {[%clk
01:30:54]} {[%emt 00:00:14]} 4. Nxd4 {[%clk 01:32:06]} {[%emt 00:00:07]} Bc5
{[%clk 01:30:39]} {[%emt 00:00:35]} 5. Nb3 {[%clk 01:32:17]} {[%emt 00:00:19]}
Bb6 {[%clk 01:30:57]} {[%emt 00:00:14]} 6. Nc3 {[%clk 01:32:41]} {[%emt
00:00:06]} Qf6 {[%clk 01:30:56]} {[%emt 00:00:30]} 7. Qe2 {[%clk 01:32:41]}
{[%emt 00:00:29]} Nge7 {[%clk 01:31:17]} {[%emt 00:00:09]} 8. Be3 {[%clk
01:32:27]} {[%emt 00:00:46]} d6 {[%clk 01:30:30]} {[%emt 00:01:18]} 9. Qd2
{[%clk 01:24:41]} {[%emt 00:08:15]} Qg6 {[%clk 01:24:59]} {[%emt 00:06:01]} 10.
O-O-O {[%clk 01:22:08]} {[%emt 00:03:03]} Bd7 {[%clk 01:24:30]} {[%emt
00:01:00]} 11. f3 {[%clk 01:12:03]} {[%emt 00:10:34]} O-O-O {[%clk 01:23:26]}
{[%emt 00:01:34]} 12. Kb1 {[%clk 01:04:46]} {[%emt 00:07:48]} Rhe8 {[%clk
01:21:40]} {[%emt 00:02:16]} 13. Bxb6 {[%clk 01:04:02]} {[%emt 00:01:14]} axb6
{[%clk 01:22:01]} {[%emt 00:00:09]} 14. Bb5 {[%clk 00:59:33]} {[%emt 00:04:58]}
Kb8 {[%clk 01:18:51]} {[%emt 00:03:40]} 15. Rhg1 {[%clk 00:55:09]} {[%emt
00:04:54]} h6 {[%clk 00:59:25]} {[%emt 00:19:56]} 16. Nc1 {[%clk 00:49:48]}
{[%emt 00:05:52]} Qf6 {[%clk 00:52:14]} {[%emt 00:07:40]} 17. Nd3 {[%clk
00:45:47]} {[%emt 00:04:31]} Na7 {[%clk 00:46:23]} {[%emt 00:06:22]} 18. Bxd7
{[%clk 00:45:12]} {[%emt 00:01:04]} Rxd7 {[%clk 00:46:08]} {[%emt 00:00:45]}
19. Qf4 {[%clk 00:44:54]} {[%emt 00:00:48]} Qxf4 {[%clk 00:33:26]} {[%emt
00:13:12]} 20. Nxf4 {[%clk 00:45:21]} {[%emt 00:00:03]} Nac6 {[%clk 00:26:48]}
{[%emt 00:07:08]} 21. Nh5 {[%clk 00:31:54]} {[%emt 00:13:56]} Rg8 {[%clk
00:27:07]} {[%emt 00:00:12]} 22. g4 {[%clk 00:29:45]} {[%emt 00:02:39]} f6
{[%clk 00:23:57]} {[%emt 00:03:40]} 23. f4 {[%clk 00:26:04]} {[%emt 00:04:11]}
Rdd8 {[%clk 00:22:08]} {[%emt 00:02:18]} 24. f5 {[%clk 00:23:03]} {[%emt
00:03:32]} Rde8 {[%clk 00:20:36]} {[%emt 00:02:02]} 25. Nf4 {[%clk 00:23:06]}
{[%emt 00:00:28]} Ne5 {[%clk 00:19:38]} {[%emt 00:01:27]} 26. Rg3 {[%clk
00:21:53]} {[%emt 00:01:43]} N7c6 {[%clk 00:18:33]} {[%emt 00:01:35]} 27. Ne6
{[%clk 00:21:21]} {[%emt 00:01:02]} Nd8 {[%clk 00:18:05]} {[%emt 00:00:58]} 28.
Nxd8 {[%clk 00:19:51]} {[%emt 00:02:00]} Rxd8 {[%clk 00:18:28]} {[%emt
00:00:07]} 29. Nd5 {[%clk 00:18:28]} {[%emt 00:01:51]} 1/2-1/2

[Event "ODJM A 2024"]
[Site "Willingen GER"]
[Date "2024.05.23"]
[Round "7"]
[White "Jansen, Malte"]
[Black "Möller, Tom"]
[Result "1-0"]
[Termination "normal"]
[Board "25"]
[WhiteElo "1835"]
[BlackElo "1902"]
[WhiteClock "00:52:37"]
[BlackClock "00:28:27"]
[PlyCount "119"]
[WhiteFideId "16295137"]
[BlackFideId "16287215"]
[EventCountry "GER"]
[EventRounds "9"]
[EventType "swiss"]
[EventDate "2024.05.18"]

1. e4 {[%clk 01:30:54]} {[%emt 00:00:05]} c5 {[%clk 01:30:49]} {[%emt
00:00:24]} 2. Nf3 {[%clk 01:31:13]} {[%emt 00:00:17]} e6 {[%clk 01:31:15]}
{[%emt 00:00:03]} 3. d4 {[%clk 01:31:20]} {[%emt 00:00:21]} cxd4 {[%clk
01:31:40]} {[%emt 00:00:02]} 4. Nxd4 {[%clk 01:31:36]} {[%emt 00:00:14]} Nc6
{[%clk 01:32:07]} {[%emt 00:00:01]} 5. Be3 {[%clk 01:31:38]} {[%emt 00:00:15]}
Qc7 {[%clk 01:32:08]} {[%emt 00:00:30]} 6. Be2 {[%clk 01:31:36]} {[%emt
00:00:31]} Nf6 {[%clk 01:31:09]} {[%emt 00:01:30]} 7. Nd2 {[%clk 01:30:55]}
{[%emt 00:01:11]} a6 {[%clk 01:24:28]} {[%emt 00:07:11]} 8. O-O {[%clk
01:28:18]} {[%emt 00:03:06]} b5 {[%clk 01:18:14]} {[%emt 00:06:45]} 9. Nxc6
{[%clk 01:26:49]} {[%emt 00:01:58]} Qxc6 {[%clk 01:18:36]} {[%emt 00:00:08]}
10. c4 {[%clk 01:24:59]} {[%emt 00:02:20]} bxc4 {[%clk 01:02:18]} {[%emt
00:16:49]} 11. Rc1 {[%clk 01:19:51]} {[%emt 00:05:37]} d5 {[%clk 01:00:23]}
{[%emt 00:02:25]} 12. exd5 {[%clk 01:20:04]} {[%emt 00:00:17]} exd5 {[%clk
01:00:43]} {[%emt 00:00:11]} 13. Nxc4 {[%clk 01:20:06]} {[%emt 00:00:28]} dxc4
{[%clk 00:59:19]} {[%emt 00:01:53]} 14. Bf3 {[%clk 01:19:53]} {[%emt 00:00:43]}
Ne4 {[%clk 00:54:43]} {[%emt 00:05:06]} 15. Qd4 {[%clk 01:15:33]} {[%emt
00:04:51]} f5 {[%clk 00:44:57]} {[%emt 00:10:15]} 16. Rxc4 {[%clk 01:14:21]}
{[%emt 00:01:42]} Qd6 {[%clk 00:42:32]} {[%emt 00:02:56]} 17. Bh5+ {[%clk
00:54:15]} {[%emt 00:20:36]} Kd7 {[%clk 00:32:00]} {[%emt 00:11:02]} 18. Rd1
{[%clk 00:40:22]} {[%emt 00:14:22]} Qxd4 {[%clk 00:29:45]} {[%emt 00:02:46]}
19. Bxd4 {[%clk 00:39:48]} {[%emt 00:01:05]} Nd6 {[%clk 00:25:13]} {[%emt
00:05:01]} 20. Bc5 {[%clk 00:37:18]} {[%emt 00:03:00]} a5 {[%clk 00:18:50]}
{[%emt 00:06:53]} 21. Rcd4 {[%clk 00:36:16]} {[%emt 00:01:32]} Kc7 {[%clk
00:04:49]} {[%emt 00:14:32]} 22. Bxd6+ {[%clk 00:36:22]} {[%emt 00:00:23]} Bxd6
{[%clk 00:05:12]} {[%emt 00:00:07]} 23. Rxd6 {[%clk 00:36:31]} {[%emt
00:00:21]} Ra6 {[%clk 00:05:38]} {[%emt 00:00:05]} 24. R6d4 {[%clk 00:35:43]}
{[%emt 00:01:17]} Re6 {[%clk 00:05:02]} {[%emt 00:01:06]} 25. h3 {[%clk
00:34:29]} {[%emt 00:01:43]} g6 {[%clk 00:04:36]} {[%emt 00:00:57]} 26. Bf3
{[%clk 00:34:44]} {[%emt 00:00:15]} Rhe8 {[%clk 00:04:01]} {[%emt 00:01:05]}
27. R1d2 {[%clk 00:33:17]} {[%emt 00:01:57]} g5 {[%clk 00:01:10]} {[%emt
00:03:21]} 28. g4 {[%clk 00:27:37]} {[%emt 00:06:10]} f4 {[%clk 00:00:33]}
{[%emt 00:01:07]} 29. Kg2 {[%clk 00:26:55]} {[%emt 00:01:11]} R8e7 {[%clk
00:00:50]} {[%emt 00:00:14]} 30. Rd5 {[%clk 00:24:39]} {[%emt 00:02:46]} Re5
{[%clk 00:01:06]} {[%emt 00:00:15]} 31. Rc2+ {[%clk 00:24:54]} {[%emt
00:00:13]} Kb8 {[%clk 00:01:28]} {[%emt 00:00:08]} 32. Rcc5 {[%clk 00:24:59]}
{[%emt 00:00:26]} Re1 {[%clk 00:00:55]} {[%emt 00:01:03]} 33. Rxg5 {[%clk
00:24:48]} {[%emt 00:00:40]} Ba6 {[%clk 00:01:04]} {[%emt 00:00:22]} 34. Rg8+
{[%clk 00:24:38]} {[%emt 00:00:39]} Re8 {[%clk 00:01:17]} {[%emt 00:00:18]} 35.
Rxe8+ {[%clk 00:24:41]} {[%emt 00:00:26]} Rxe8 {[%clk 00:01:42]} {[%emt
00:00:05]} 36. Rxa5 {[%clk 00:24:35]} {[%emt 00:00:36]} Ka7 {[%clk 00:02:02]}
{[%emt 00:00:11]} 37. Ra4 {[%clk 00:23:35]} {[%emt 00:01:30]} Rf8 {[%clk
00:02:11]} {[%emt 00:00:20]} 38. Be2 {[%clk 00:23:19]} {[%emt 00:00:46]} f3+
{[%clk 00:02:22]} {[%emt 00:00:20]} 39. Bxf3 {[%clk 00:23:41]} {[%emt
00:00:07]} Kb6 {[%clk 00:02:46]} {[%emt 00:00:06]} 40. Kg3 {[%clk 00:23:32]}
{[%emt 00:00:39]} Bf1 {[%clk 00:03:05]} {[%emt 00:00:12]} 41. h4 {[%clk
00:22:54]} {[%emt 00:01:07]} Bb5 {[%clk 00:03:19]} {[%emt 00:00:16]} 42. Rb4
{[%clk 00:22:50]} {[%emt 00:00:35]} Kc5 {[%clk 00:03:35]} {[%emt 00:00:14]} 43.
a3 {[%clk 00:23:00]} {[%emt 00:00:20]} Bd7 {[%clk 00:03:16]} {[%emt 00:00:49]}
44. Rb7 {[%clk 00:22:14]} {[%emt 00:01:16]} Rxf3+ {[%clk 00:03:36]} {[%emt
00:00:10]} 45. Kxf3 {[%clk 00:22:27]} {[%emt 00:00:18]} Bc6+ {[%clk 00:04:01]}
{[%emt 00:00:05]} 46. Kf4 {[%clk 00:22:40]} {[%emt 00:00:17]} Bxb7 {[%clk
00:04:27]} {[%emt 00:00:04]} 47. Ke5 {[%clk 00:22:26]} {[%emt 00:00:44]} Bf3
{[%clk 00:03:35]} {[%emt 00:01:21]} 48. g5 {[%clk 00:22:42]} {[%emt 00:00:14]}
Kc4 {[%clk 00:03:34]} {[%emt 00:00:32]} 49. Kf6 {[%clk 00:22:21]} {[%emt
00:00:50]} Kb3 {[%clk 00:03:01]} {[%emt 00:01:03]} 50. Kg7 {[%clk 00:22:34]}
{[%emt 00:00:16]} Be4 {[%clk 00:03:16]} {[%emt 00:00:15]} 51. h5 {[%clk
00:22:35]} {[%emt 00:00:29]} Kxb2 {[%clk 00:03:30]} {[%emt 00:00:17]} 52. g6
{[%clk 00:22:51]} {[%emt 00:00:15]} hxg6 {[%clk 00:03:52]} {[%emt 00:00:07]}
53. hxg6 {[%clk 00:23:02]} {[%emt 00:00:19]} Kxa3 {[%clk 00:04:13]} {[%emt
00:00:10]} 54. Kf6 {[%clk 00:22:08]} {[%emt 00:01:24]} Kb4 {[%clk 00:04:12]}
{[%emt 00:00:31]} 55. g7 {[%clk 00:22:22]} {[%emt 00:00:16]} Bd5 {[%clk
00:04:35]} {[%emt 00:00:07]} 56. f4 {[%clk 00:22:24]} {[%emt 00:00:28]} Kc5
{[%clk 00:02:42]} {[%emt 00:02:23]} 57. Ke7 {[%clk 00:21:43]} {[%emt 00:01:11]}
Kd4 {[%clk 00:29:24]} {[%emt 00:03:48]} 58. f5 {[%clk 00:52:00]} {[%emt
00:00:13]} Ke5 {[%clk 00:28:45]} {[%emt 00:01:09]} 59. f6 {[%clk 00:52:19]}
{[%emt 00:00:12]} Kf5 {[%clk 00:28:27]} {[%emt 00:00:47]} 60. f7 {[%clk
00:52:37]} {[%emt 00:00:11]} 1-0

[Event "ODJM A 2024"]
[Site "Willingen GER"]
[Date "2024.05.23"]
[Round "7"]
[White "Geist, Denis"]
[Black "Mehner, Lorenz"]
[Result "0-1"]
[Termination "normal"]
[Board "26"]
[WhiteElo "1847"]
[BlackElo "1799"]
[WhiteClock "00:01:38"]
[BlackClock "00:04:11"]
[PlyCount "72"]
[WhiteFideId "34605100"]
[BlackFideId "16293096"]
[EventCountry "GER"]
[EventRounds "9"]
[EventType "swiss"]
[EventDate "2024.05.18"]

1. e4 {[%clk 01:30:21]} {[%emt 00:00:54]} c5 {[%clk 01:30:55]} {[%emt
00:00:08]} 2. Nf3 {[%clk 01:30:42]} {[%emt 00:00:07]} d6 {[%clk 01:31:22]}
{[%emt 00:00:03]} 3. d4 {[%clk 01:31:03]} {[%emt 00:00:12]} cxd4 {[%clk
01:31:48]} {[%emt 00:00:03]} 4. Nxd4 {[%clk 01:30:57]} {[%emt 00:00:18]} Nf6
{[%clk 01:32:10]} {[%emt 00:00:07]} 5. Nc3 {[%clk 01:31:18]} {[%emt 00:00:10]}
g6 {[%clk 01:32:33]} {[%emt 00:00:07]} 6. Be3 {[%clk 01:31:34]} {[%emt
00:00:14]} Bg7 {[%clk 01:32:54]} {[%emt 00:00:10]} 7. f3 {[%clk 01:31:41]}
{[%emt 00:00:23]} O-O {[%clk 01:33:15]} {[%emt 00:00:09]} 8. Qd2 {[%clk
01:31:58]} {[%emt 00:00:12]} Nc6 {[%clk 01:33:39]} {[%emt 00:00:06]} 9. Bc4
{[%clk 01:31:38]} {[%emt 00:00:50]} Bd7 {[%clk 01:33:52]} {[%emt 00:00:18]} 10.
O-O-O {[%clk 01:31:23]} {[%emt 00:00:45]} Rb8 {[%clk 01:33:45]} {[%emt
00:00:37]} 11. Bb3 {[%clk 01:25:50]} {[%emt 00:06:04]} Na5 {[%clk 01:33:13]}
{[%emt 00:01:02]} 12. Kb1 {[%clk 01:25:31]} {[%emt 00:00:48]} b5 {[%clk
01:32:01]} {[%emt 00:01:43]} 13. Rhe1 {[%clk 01:04:00]} {[%emt 00:22:01]} Nc4
{[%clk 01:29:00]} {[%emt 00:03:31]} 14. Qd3 {[%clk 00:54:46]} {[%emt 00:09:44]}
Nxe3 {[%clk 01:24:56]} {[%emt 00:04:33]} 15. Qxe3 {[%clk 00:55:07]} {[%emt
00:00:09]} Qb6 {[%clk 01:11:43]} {[%emt 00:13:44]} 16. Qd2 {[%clk 00:48:47]}
{[%emt 00:06:50]} a5 {[%clk 01:09:45]} {[%emt 00:02:28]} 17. e5 {[%clk
00:32:17]} {[%emt 00:17:00]} dxe5 {[%clk 00:57:48]} {[%emt 00:12:26]} 18. Rxe5
{[%clk 00:29:13]} {[%emt 00:03:34]} a4 {[%clk 00:55:12]} {[%emt 00:03:06]} 19.
Bd5 {[%clk 00:17:07]} {[%emt 00:12:37]} e6 {[%clk 00:50:53]} {[%emt 00:04:48]}
20. Be4 {[%clk 00:16:50]} {[%emt 00:00:47]} Ne8 {[%clk 00:48:18]} {[%emt
00:03:04]} 21. f4 {[%clk 00:12:43]} {[%emt 00:04:38]} Bxe5 {[%clk 00:28:38]}
{[%emt 00:20:10]} 22. fxe5 {[%clk 00:13:08]} {[%emt 00:00:05]} b4 {[%clk
00:19:58]} {[%emt 00:09:10]} 23. Nce2 {[%clk 00:13:35]} {[%emt 00:00:03]} b3
{[%clk 00:16:33]} {[%emt 00:03:56]} 24. cxb3 {[%clk 00:13:36]} {[%emt
00:00:30]} axb3 {[%clk 00:16:49]} {[%emt 00:00:13]} 25. a3 {[%clk 00:13:24]}
{[%emt 00:00:42]} Bb5 {[%clk 00:15:01]} {[%emt 00:02:17]} 26. Nf4 {[%clk
00:07:43]} {[%emt 00:06:11]} Ng7 {[%clk 00:13:35]} {[%emt 00:01:56]} 27. Nh3
{[%clk 00:02:16]} {[%emt 00:05:58]} Nf5 {[%clk 00:09:54]} {[%emt 00:04:12]} 28.
Bxf5 {[%clk 00:01:33]} {[%emt 00:01:13]} exf5 {[%clk 00:10:15]} {[%emt
00:00:08]} 29. Qh6 {[%clk 00:01:41]} {[%emt 00:00:22]} f6 {[%clk 00:07:07]}
{[%emt 00:03:38]} 30. Nf4 {[%clk 00:02:09]} {[%emt 00:00:02]} fxe5 {[%clk
00:05:02]} {[%emt 00:02:36]} 31. Nde6 {[%clk 00:02:36]} {[%emt 00:00:02]} Rf7
{[%clk 00:03:55]} {[%emt 00:01:36]} 32. Ng5 {[%clk 00:01:20]} {[%emt 00:01:47]}
Ra7 {[%clk 00:03:21]} {[%emt 00:01:04]} 33. Nfe6 {[%clk 00:00:37]} {[%emt
00:01:13]} Bd3+ {[%clk 00:03:28]} {[%emt 00:00:23]} 34. Ka1 {[%clk 00:00:48]}
{[%emt 00:00:20]} Rxa3+ {[%clk 00:03:48]} {[%emt 00:00:10]} 35. bxa3 {[%clk
00:01:12]} {[%emt 00:00:05]} b2+ {[%clk 00:04:11]} {[%emt 00:00:07]} 36. Ka2
{[%clk 00:01:38]} {[%emt 00:00:04]} Qb3# {[%emt 00:00:06]} 0-1

[Event "ODJM A 2024"]
[Site "Willingen GER"]
[Date "2024.05.23"]
[Round "7"]
[White "Mainka, Ingmar"]
[Black "Direk, Oguzhan"]
[Result "1-0"]
[Termination "normal"]
[Board "27"]
[WhiteElo "1879"]
[BlackElo "1767"]
[WhiteClock "00:04:07"]
[BlackClock "00:29:57"]
[PlyCount "61"]
[WhiteFideId "16254937"]
[BlackFideId "16294343"]
[EventCountry "GER"]
[EventRounds "9"]
[EventType "swiss"]
[EventDate "2024.05.18"]

1. e4 {[%clk 01:30:59]} c5 {[%clk 01:30:55]} {[%emt 00:00:07]} 2. Nf3 {[%clk
01:31:26]} {[%emt 00:00:08]} e6 {[%clk 01:31:22]} {[%emt 00:00:08]} 3. d4
{[%clk 01:31:53]} {[%emt 00:00:02]} cxd4 {[%clk 01:31:49]} {[%emt 00:00:10]} 4.
Nxd4 {[%clk 01:32:19]} {[%emt 00:00:06]} Nc6 {[%clk 01:32:16]} {[%emt
00:00:03]} 5. g3 {[%clk 01:32:06]} {[%emt 00:00:41]} Qc7 {[%clk 01:31:19]}
{[%emt 00:01:09]} 6. Bg2 {[%clk 01:31:40]} {[%emt 00:00:56]} a6 {[%clk
01:28:48]} {[%emt 00:03:02]} 7. O-O {[%clk 01:31:50]} {[%emt 00:00:19]} h5
{[%clk 01:27:27]} {[%emt 00:01:50]} 8. Nc3 {[%clk 01:13:54]} {[%emt 00:18:27]}
Nf6 {[%clk 01:21:30]} {[%emt 00:06:27]} 9. Bg5 {[%clk 00:38:39]} {[%emt
00:35:45]} Bc5 {[%clk 01:16:05]} {[%emt 00:05:54]} 10. Nxc6 {[%clk 00:31:09]}
{[%emt 00:08:02]} bxc6 {[%clk 01:15:57]} {[%emt 00:00:37]} 11. Bf4 {[%clk
00:29:03]} {[%emt 00:02:36]} e5 {[%clk 01:08:23]} {[%emt 00:08:03]} 12. Be3
{[%clk 00:28:46]} {[%emt 00:00:47]} Bxe3 {[%clk 01:08:10]} {[%emt 00:00:43]}
13. fxe3 {[%clk 00:29:15]} {[%emt 00:00:01]} Qb6 {[%clk 01:03:12]} {[%emt
00:05:29]} 14. Qd6 {[%clk 00:21:48]} {[%emt 00:07:56]} Qxe3+ {[%clk 00:58:18]}
{[%emt 00:05:25]} 15. Kh1 {[%clk 00:22:17]} Ng4 {[%clk 00:56:32]} {[%emt
00:02:17]} 16. Rf3 {[%clk 00:11:24]} {[%emt 00:11:22]} Qh6 {[%clk 00:47:12]}
{[%emt 00:09:49]} 17. Qc5 {[%clk 00:10:30]} {[%emt 00:01:26]} Qe6 {[%clk
00:38:42]} {[%emt 00:08:59]} 18. Raf1 {[%clk 00:04:14]} {[%emt 00:06:45]} f6
{[%clk 00:37:58]} {[%emt 00:01:14]} 19. Rd1 {[%clk 00:02:35]} {[%emt 00:02:09]}
Rb8 {[%clk 00:33:37]} {[%emt 00:04:52]} 20. b3 {[%clk 00:01:48]} {[%emt
00:01:16]} h4 {[%clk 00:32:54]} {[%emt 00:01:12]} 21. Rd6 {[%clk 00:01:40]}
{[%emt 00:00:40]} Qe7 {[%clk 00:32:55]} {[%emt 00:00:27]} 22. gxh4 {[%clk
00:02:04]} {[%emt 00:00:07]} Rxh4 {[%clk 00:32:43]} {[%emt 00:00:42]} 23. Bh3
{[%clk 00:02:31]} {[%emt 00:00:02]} Nh6 {[%clk 00:31:01]} {[%emt 00:02:13]} 24.
Rg3 {[%clk 00:01:35]} {[%emt 00:01:26]} Rxh3 {[%clk 00:29:30]} {[%emt
00:02:00]} 25. Rxh3 {[%clk 00:02:02]} {[%emt 00:00:03]} Nf7 {[%clk 00:29:55]}
{[%emt 00:00:06]} 26. Nd5 {[%clk 00:01:46]} {[%emt 00:00:45]} Qxd6 {[%clk
00:29:18]} {[%emt 00:01:07]} 27. Rh8+ {[%clk 00:02:14]} {[%emt 00:00:02]} Nxh8
{[%clk 00:29:31]} {[%emt 00:00:17]} 28. Qxd6 {[%clk 00:02:43]} {[%emt
00:00:01]} cxd5 {[%clk 00:29:36]} {[%emt 00:00:24]} 29. Qxb8 {[%clk 00:03:11]}
{[%emt 00:00:03]} Kd8 {[%clk 00:29:43]} {[%emt 00:00:22]} 30. Qb6+ {[%clk
00:03:40]} {[%emt 00:00:02]} Ke8 {[%clk 00:29:57]} {[%emt 00:00:15]} 31. Qc7
{[%clk 00:04:07]} {[%emt 00:00:03]} 1-0